000 00433nam a2200157Ia 4500
008 240729s9999 xx 000 0 und d
022 _a1745-2767
245 0 _aVirtual and Physical Prototyping
260 _aUnited Kingdom
260 _bTaylor & Francis Group
650 _a Manufactures
650 _aScience | Technology
856 _uhttps://doaj.org/toc/5e9cdeccf9044b4088306d06e9fa14f9
942 _2ddc
942 _cDOAJEJ
999 _c69145
_d69145
945 _a1
_bMadushi Gamage
_c1
_dMadushi Gamage